| 000 | 00471nam a2200169 i 4500 | ||
|---|---|---|---|
| 001 | 23836 | ||
| 003 | ES-MaACL | ||
| 005 | 20240522063031.0 | ||
| 007 | t| | ||
| 008 | 021212s1907 it ||||1| ita d | ||
| 100 | 0 |
_aDe Amicis, Edmondo, _d1846-1908 _943032 |
|
| 245 | 1 | 0 |
_aMel regno dell'amore / _cEdmondo De Amicis. |
| 260 |
_aMilano : _bFratelli Treves, _c1907. |
||
| 300 |
_a384 p. ; _c19 cm. |
||
| 852 |
_aES-MaACL _jF-10008 |
||
| 999 |
_c23836 _d23836 |
||